00323nam a2200109 a 4500008004100000050001500041100002600056245003200082246008100114260000900195350000900204120416s1983 xx |||||||||||||| || u aTD 327 Cha aChauhan, Sumi Krishna10aWho puts water in the taps? acommunity participation in Third World drinking water, sanitation and health c1983 a0.00